logo

Bir Sreshtho Munshi Abdur Rouf Library
Jhenaidah Cadet College

The Statesman's Year-Book 1991-92 / (Record no. 6956)

MARC details
000 -LEADER
fixed length control field 00637nam a2200253 a 4500
001 - CONTROL NUMBER
JCCL Control Number 6956
003 - CONTROL NUMBER IDENTIFIER
JCCL marc code BD-JhCC
005 - DATE AND TIME OF LATEST TRANSACTION
control field 20180218085606.0
008 - FIXED-LENGTH DATA ELEMENTS--GENERAL INFORMATION
fixed length control field 180203s1991 e |||| || | 001 0 eng d
020 ## - INTERNATIONAL STANDARD BOOK NUMBER
International Standard Book Number 033391551
022 ## - INTERNATIONAL STANDARD SERIAL NUMBER
International Standard Serial Number 00814601
035 ## - SYSTEM CONTROL NUMBER
system control number (BD-JhCC)6956
040 ## - CATALOGING SOURCE
Original cataloging agency BD-JhCC
Modifying agency BD-JhCC
041 ## - LANGUAGE CODE
Language code of Book eng
082 ## - DEWEY DECIMAL CLASSIFICATION NUMBER
Classification number 309.05
Author mark and Year STA 1991
245 ## - TITLE STATEMENT
Title The Statesman's Year-Book 1991-92 /
Statement of responsibility, etc Brain Hunter (Edited)
250 ## - EDITION STATEMENT
Edition statement 128th ed.
260 ## - PUBLICATION, DISTRIBUTION, ETC. (IMPRINT)
Place of publication, distribution, etc London :
Name of publisher, distributor, etc The Macmillan Press Ltd,
Date of publication, distribution, etc 1991
300 ## - PHYSICAL DESCRIPTION
Pagination 1692 p. :
Dimensions 22 cm.
650 ## - SUBJECT ADDED ENTRY--TOPICAL TERM
Topical term or geographic name as entry element Statistics
700 ## - ADDED ENTRY--PERSONAL NAME
Personal name Hunter, Brain
942 ## - ADDED ENTRY ELEMENTS (KOHA)
Source of classification or shelving scheme Dewey Decimal Classification
Koha item type Books
Holdings
Source of classification or shelving scheme Damaged status Not for loan Home library Current library Shelving location Date of accession Total Checkouts Full call number Barcode Date last seen Copy number Koha item type
Dewey Decimal Classification     JCC Rouf Library JCC Rouf Library General Stacks 02/03/2018   309.05 STA 1991 8612 02/03/2018 C-1 Books

JCC Library | Contacts | JCC Home

Last Update on 23 September 2017
Copyright @ 2017-2020 JCC Rouf Library
Rouf Library, Jhenidah Cadet College (JCC), Bangladesh